000 00993aam a2200373 4500
005 20250918141458.0
008 150605b2000 xxu||||| |||| 00| 0 spa d
020 _a8401376955
041 _aESP
082 _a617.026 G943g
245 _aGuía práctica de prevención y primeros auxilios: que hacer ante una emergencia
260 _aEspaña
260 _bPlaza & Janes Editores
260 _c2000
300 _a127 páginas
300 _bIlustraciones a color
490 _aInvestigación Criminal
490 _aTemática General
650 _aPRIMEROS AUXILIOS
650 _aACCIDENTES DOMÉSTICOS
650 _aAHOGAMIENTO
650 _aALERGIAS ALIMENTARIAS
650 _aCONTUSIONES
650 _aCRISIS CONVULSIVAS
650 _aDESMAYO
650 _aFRACTURAS
650 _aHEMORRAGIAS
650 _aINFARTOS
650 _aINTOXICACIONES
650 _aPICADURAS
650 _aQUEMADURAS
650 _aPREVENCIÓN DE ENFERMEDADES
942 _cBK
_2ddc
999 _c1206
_d1206